Analyzing Service Failures when Shopping for Supplements Online among College Students
Analýza nespokojnosti zákazníkov a spôsob obnovenia služieb pri online nákupe športovej výživy a doplnkov. Prieskum medzi študentmi z ôsmich krajín strednej a východnej Európy.
Gespeichert in:
| 1. Verfasser: | |
|---|---|
| Weitere Verfasser: | |
| Format: | Buchkapitel |
| Sprache: | Englisch |
| Schlagworte: | |
| Tags: |
Keine Tags, Fügen Sie das erste Tag hinzu!
|
MARC
| LEADER | 00000naa a2200000 4500 | ||
|---|---|---|---|
| 001 | 0282995 | ||
| 005 | 20240502083910.1 | ||
| 041 | 0 | |a eng | |
| 044 | |a HR | ||
| 245 | 1 | 0 | |a Analyzing Service Failures when Shopping for Supplements Online among College Students |c Thomas Oliver Uitz, Eva Jančíková |
| 520 | |a Analýza nespokojnosti zákazníkov a spôsob obnovenia služieb pri online nákupe športovej výživy a doplnkov. Prieskum medzi študentmi z ôsmich krajín strednej a východnej Európy. | ||
| 610 | 2 | 0 | |a marketing služieb |
| 610 | 2 | 0 | |a maloobchod |
| 610 | 2 | 0 | |a zákazníci |
| 610 | 2 | 0 | |a spotrebitelia |
| 610 | 2 | 0 | |a predajcovia |
| 610 | 2 | 0 | |a nákup |
| 610 | 2 | 0 | |a prieskum |
| 100 | 1 | |a Uitz, Thomas Oliver, 1981- | |
| 700 | 1 | |a Jančíková, Eva, 1960- | |